01690nam a2200349 i 4500001001000000003000900010005001700019007000300036008004100039020001800080040003000098049000900128082002500137100003200162245005000194264004700244300002800291336002700319337003300346338002800379504003900407590002600446650004000472910004100512942001400553952015800567952016000725952015200885952014001037952014601177999001701323000018712DO-SdBNP20240717103010.0ta100514s2010 dr r 000 0 spa d a9789945410549 aDO-SdBNPbspacBNPHUerda aBNPD 4aR-DS 467.97293bI58d1 aInoa, Orlando,95784eautor10aDiccionario de dominicanismo /cOrlando Inoa. 4aSanto Domingo :bLetra gráfica,c©2010. a245 páginas ;c23 cm. 2rdacontentatextobtxt 2rdamediaasin mediaciónbn 2rdacarrieravolumenbnc aBibliografía : páginas 235-245 aInventariado, 2024/BT 4aDominicanismosxDiccionarios919997 aValidado. Control de calidad MMOLINA 2ddccLBS1 00102ddc56708DSaBNPHUbBNPHUcHDd2012-10-08eCompral0oBNPHU R-DS 467.97293 I58dp18712-30r2020-06-25te. 3w2020-06-25yLBS1ZPréstamo en sala 00102ddc56708DS-RaBNPHUbBNPHUcHDd2012-10-08eCompral0oBNPHU R-DS 467.97293 I58dp18712-40r2020-06-25te. 4w2020-06-25yLBS1ZPréstamo en sala 00102ddc56708DS-RaBNPHUbBNPHUcHDd2012-10-08l0oBNPHU R-DS 467.97293 I58dp18712-50r2020-06-25te. 5w2020-06-25yLBS1ZPréstamo en sala 00102ddc56708DS-RaBNPHUbBNPHUcHDd2010-05-14l0oBNPHU R-PD 467.97293 I58dp18712-10r2020-06-25w2020-06-25yLBS1ZNo se presta 00102ddc56708DS-RaBNPHUbBNPHUcHDd2010-05-14l0oBNPHU R-PD 467.97293 I58dp18712-20r2020-06-25te. 2w2020-06-25yLBS1ZNo se presta c18232d18232